Software engineering : (Record no. 12528)
[ view plain ]
| 000 -LEADER | |
|---|---|
| fixed length control field | 00464cam a22001694a 4500 |
| 020 ## - INTERNATIONAL STANDARD BOOK NUMBER | |
| ISBN | 0073655783 |
| 040 ## - CATALOGING SOURCE | |
| Transcribing agency | DLC |
| 082 00 - DEWEY DECIMAL CLASSIFICATION NUMBER | |
| Classification number | 005 MCG 2001 A007 Or. |
| 100 1# - MAIN ENTRY--AUTHOR NAME | |
| Personal name | Pressman, Roger S |
| 245 10 - TITLE STATEMENT | |
| Title | Software engineering : |
| Remainder of title | a practitioner's approach / |
| 250 ## - EDITION STATEMENT | |
| Edition statement | 5th ed |
| 260 ## - PUBLICATION, DISTRIBUTION, ETC. (IMPRINT) | |
| Place of publication | Boston, Mass. : |
| Name of publisher | McGraw Hill, |
| Year of publication | c2001 [i.e. 2000] |
| 300 ## - PHYSICAL DESCRIPTION | |
| Number of Pages | xxvii, 860 p. : |
| Other physical details | ill. ; |
| Dimensions | 24 cm |
| 500 ## - GENERAL NOTE | |
| General note | Includes index |
| 650 #0 - SUBJECT ADDED ENTRY--TOPICAL TERM | |
| Topical Term | Software engineering |
| 942 ## - ADDED ENTRY ELEMENTS (KOHA) | |
| Koha item type | សៀវភៅភាសាអង់គ្លេស |
| 952 ## - LOCATION AND ITEM INFORMATION (KOHA) | |
| Withdrawn status [LOCAL, KOHA] | 0 |
| Permanent Location | Date acquired | Koha item type | Lost status | Shelving location | Barcode | Current Location | Full call number |
|---|---|---|---|---|---|---|---|
| Library Block A | 2017-08-14 | សៀវភៅភាសាអង់គ្លេស | A007 | A15494 | Library Block A | 005 MCG 2001 A007 Or. |